فلسفة التأويل : (رقم التسجيلة. 79983)

تفاصيل مارك
000 -الفاتح
عناصر البيانات ثابتة الطول 00813cam a2200205 i 4500
005 - تاريخ ووقت آخر معاملة
حقل ضبط 20251124094325.0
008 - عناصر البيانات ثابتة الطول
عناصر البيانات ثابتة الطول 250721s1998 mr gr 000 0 ara d
082 14 - رقم تصنيف ديوي العشري
رقم التصنيف 211.63
رقم المادة ز ي د
100 1# - مدخل رئيسي – اسم شخصي
الاسم الشخصي أبو زيد، نصر حامد
علاقة الشخص بالعمل/ دوره مؤلف.
245 10 - بيان العنوان
العنوان فلسفة التأويل :
بقية العنوان دراسة في تأويل القرآن عند محيي الدين بن عربي /
بيان المسؤولية د.نصر حامد أبو زيد.
250 ## - بيان الطبعة
بيان الطبعة الطبعة الرابعة.
264 31 - بيانات النشر، التوزيع…إلخ
مكان النشر، التوزيع...إلخ الدار البيضاء :
اسم الناشر، الموزع...إلخ المركز الثقافي العربي،
تاريخ النشر، التوزيع...إلخ 1998.
300 ## - الوصف المادي
عدد الوحدات المكونة للوعاء 427 صفحة.
650 17 - مدخل إضافي بالموضوع - مصطلح موضوعي
مصطلح موضوعي أو اسم جغرافي كعنصر مدخل القرآن المجيد.
650 17 - مدخل إضافي بالموضوع - مصطلح موضوعي
مصطلح موضوعي أو اسم جغرافي كعنصر مدخل تفسير القرآن.
650 17 - مدخل إضافي بالموضوع - مصطلح موضوعي
مصطلح موضوعي أو اسم جغرافي كعنصر مدخل العلوم القرآنية.
650 17 - مدخل إضافي بالموضوع - مصطلح موضوعي
مصطلح موضوعي أو اسم جغرافي كعنصر مدخل الفلسفةالإسلامية.
942 ## - بيانات إضافية (كوها)
نوع التنصيف Dewey Decimal Classification
نوع المادة (كوها) كتب
المقتنيات
حالة السحب حالة الفقدان مصدر التصنيف حالة التلف غير قابل للإعارة المكتبة الرئيسية المكتبة الحالية موقع الرف تاريخ التزويد الرقم المتسلسل Total Checkouts رقم الإستدعاء الباركود تاريخ آخر ظهور تاريخ الفاتورة نوع المادة (كوها)
    Dewey Decimal Classification     المكتبة المركزية المكتبة المركزية الإعارة 28/07/2025 1454320   211.63 / ز ي د PLD00189293 28/07/2025 28/07/2025 كتب
Implemented & Customized by: BBB with SCIT (Smart Chains for Information Technology)

Powered by Koha